000 00631nam a22001937a 4500
003 BD-DhJNU
005 20251102092218.0
008 251102b |||||||| |||| 00| 0 eng d
020 _a8171568998
040 _aBD-DhJNU
_bENG
_cBD-DhJNU
_dBD-DhJNU
082 _223
_a823
245 _aThe novels of Anita Desai :
_ba critical study /
_cEdited by Manmohan K. Bhatnagar and M. Rajeshwar
260 _aNew Delhi :
_bAtlantic Publishers and Distributors,
_c2000.
300 _aviii, 280 p. :
_c21 cm.
650 _aAnita Desai Novels
700 _aBhatnagar, Manmohan K
_eEditor
700 _aRajeshwar, M.
_eEditor
942 _2ddc
_cBK
_n0
999 _c2325
_d2325